000 00868nam a22002177a 4500
999 _c10956
_d10956
003 AR-CdUCM
008 190402b ||||| |||| 00| 0 spa d
040 _aMUNICIPALIDAD PROVINCIAL DEL CUSCO
_cBIBLIOTECA MUNICIPAL DEL CUSCO
082 _a323.33 /
_bL85 / 1930
100 _aLosovsky, A.
_928038
245 _aCrisis económica y lucha obrera :
_bCrisis mundial luchas económicas y deberes del movimiento sindical revolucionario /
260 _aMoscou :
_bBiblioteca de la internacional sindical roja,
_c1930.
300 _a94 páginas ;
_c24 cm.
505 _aContenido: Informe presentado al 5° congreso de la internacional sindical roja Moscou.
650 _aEconomía
_9382
650 _aMovimientos sindicales
_97056
650 _aRevolución
_9844
710 _aBiblioteca de la internacional sindical roja
_928039
942 _2ddc
_cLIBROS
945 _aacv